书目信息 |
| 题名: |
喝午茶:米舒随笔选
|
|
| 作者: | 曹正文 著 | |
| 分册: | ||
| 出版信息: | 上海 复旦大学出版社 1996.11 |
|
| 页数: | 314页 | |
| 开本: | 32开 | |
| 丛书名: | ||
| 单 册: | ||
| 中图分类: | I267.1 | |
| 科图分类: | ||
| 主题词: | 散文--中国 , 散文--作品综合集--中国 | |
| 电子资源: | ||
| ISBN: | 7-309-01821-4 | |
| 000 | 00588nam0 2200205 45 | |
| 001 | 0010031607 | |
| 005 | 20001003163159.6 | |
| 010 | @a7-309-01821-4@d15.00元 | |
| 100 | @a20001003d1996 km y0chiy0120 ea | |
| 101 | 0 | @achi |
| 105 | @a z 000yy | |
| 200 | 1 | @a喝午茶:米舒随笔选@AHe Wu Cha:Mi Shu Sui Bi Xuan@f曹正文著@FCao Zheng Wen Zhu |
| 210 | @a上海@c复旦大学出版社@d1996.11 | |
| 215 | @a314页@d32开 | |
| 606 | 0 | @a散文@x中国 |
| 606 | 0 | @a散文@x作品综合集@x中国 |
| 690 | @aI267.1@v3 | |
| 701 | 0 | @a曹正文@4著 |
| 801 | @aCN@bPftUser@c20001003 | |
| 905 | @b169898-902@dI267.1@eC879@f5 | |
| 喝午茶:米舒随笔选/曹正文著.-上海:复旦大学出版社,1996.11 |
| 314页;32开 |
| ISBN 7-309-01821-4:15.00元 |
| ● |
| 相关链接 |
|
|
|
正题名:喝午茶:米舒随笔选
索取号:I267.1/C879
 
预约/预借
| 序号 | 登录号 | 条形码 | 馆藏地/架位号 | 状态 | 备注 |
| 1 | 169898 | 201698984 | 社科二线400B/400B社科库 27排1列5层/ [索取号:I267.1/C879] | 在馆 | |
| 2 | 169899 | 201698993 | 社科二线400B/400B社科库 27排1列5层/ [索取号:I267.1/C879] | 在馆 | |
| 3 | 169900 | 201699000 | 社科二线400B/400B社科库 27排1列5层/ [索取号:I267.1/C879] | 在馆 | |
| 4 | 169901 | 201699019 | 社科二线400B/400B社科库 27排1列5层/ [索取号:I267.1/C879] | 在馆 | |
| 5 | 169902 | 201699028 | 社科二线400B/400B社科库 27排1列5层/ [索取号:I267.1/C879] | 在馆 |